Statystyki dla Quiz obrazkowy w kształcie flagi kraju #6

Kliknij tutaj aby rozwiązać quiz!

Ogólne statystyki

  • Ten quiz został rozwiązany 144 razy
  • Średni wynik to 13 z 16

Statystyki odpowiedzi

Odpowiedź% Poprawnych
Szwajcaria
100%
Islandia
98%
Polska
98%
Bośnia i Hercegowina
94%
Kuba
91%
Tunezja
90%
Japonia
89%
Wietnam
88%
Azerbejdżan
84%
Korea Południowa
84%
Wybrzeże Kości Słoniowej
80%
Mozambik
68%
Dominika
66%
Saint Lucia
57%
Gambia
54%
Vanuatu
27%

Rozkład punktacji

Percentyl według liczby udzielonych odpowiedzi

Procent ludzi z każdym wynikiem

Twoja historia wyników

Nie rozwiązałeś tego quizu